| 000 | 01167nam0a2200325 i 4500 | ||
|---|---|---|---|
| 001 | RU\NLR\BIBL_A\010787313 | ||
| 005 | 20260409071108.0 | ||
| 010 |
_a9785902284734 _932 000 |
||
| 021 |
_aRU _b2015-38604 _92290 |
||
| 035 | _a(NILC)RuMoRGB-007938999 | ||
| 035 | _a(NLR Aleph) 010787313 | ||
| 090 |
_a10098155 _c10098155 |
||
| 100 | _a20150623d2015 km y0rusy50 ca | ||
| 101 | 1 |
_arus _ceng |
|
| 102 | _aRU | ||
| 105 | _ay|||z|||000yy | ||
| 200 | 1 |
_aБесценный дар _e[перевод с английского] _fА. Ч. Бхактиведанта Свами Прабхупада |
|
| 210 |
_aМосква _cThe Bhaktivedanta Book _d2015 |
||
| 215 |
_a110, [1] с. _d21 |
||
| 320 | _aСписок соч. авт. в нач. кн | ||
| 606 |
_aКришнаизм _3RU\NLR\AUTH\66487468 _91203333 |
||
| 686 | 2 | _aЭ331.8 | |
| 700 | 0 |
_7ca _8rus _aА. Ч. Бхактиведанта Свами Прабхупада _f1896-1977 _9245957 _3RU\NLR\AUTH\770246013 |
|
| 801 | 0 |
_aRU _bРГБ _c20150526 _gRCR |
|
| 801 | 1 |
_aRU _bРГБ _c20150526 _2rusmarc |
|
| 942 | _cBOOK | ||
| 980 | _aNBR | ||